000 00384nam a22001697a 4500
003 MACL
005 20151226124709.0
008 151226b xxu||||| |||| 00| 0 eng d
040 _cMACL
041 _aEnglish
082 _a823/KHA
100 _aKhanna,Karan
_922781
245 _aI For India
260 _aKolkata
_bMehras Books
_c2011
650 _aNovel
_9153
942 _2ddc
_cBK
999 _c51888
_d51888